000 00990nam a22002297a 4500
999 _c40
_d40
003 AR-CdUCM
008 190221b pe ||||| |||| 00| 0 spa d
040 _aMUNICIPALIDAD PROVINCIAL DEL CUSCO
_cBIBLIOTECA MUNICIPAL DEL CUSCO
082 _23 edición
_a985 /
_bB24
100 _aBasadre, Jorge
_9198
245 _aPerú: Problema y Posibilidad :
_bAlgunas Reconsideraciones Cuarentisiete años Después /
260 _aPeru :
_bIndustrial Grafica,
_c1978.
300 _a425 paginas.
_c19 cm.
505 _aBreves reflexiones preliminares sobre un atraso y un avance notables en un reloj -- Reconsideraciones sobre la cultura antigua -- Reconsideraciones sobre la época colonial -- Reconsideraciones sobre la época republicana ...
650 _aProblemas y Posibilidades
_9199
650 _aJorge Basadre
_9200
650 _aÉpoca Colonial
_9201
650 _aÉpoca Republicana
_9202
710 _aBanco Internacional del Perú
_9203
942 _2ddc
_cLIBROS
945 _aacv
_d2019-02-21